=LDR 00000nam 2200000 4500 =001 INLIS000000000025733 =005 20201217065313 =035 ##$$a 0010-061300000025733 =008 201217################g##########0#ind## =041 ##$$a Ind =082 ##$$a 332.1 =090 ##$$a 332.1, Dji b =100 ##$$a Djinarto, Bambang =245 1#$$a Banking asset liability management, perencanaan, strategi, pengawasan dan pengelolaan dana, Bambang Djinarto /$c Bambang Djinarto =260 ##$$a Jakarta :$b Gramedia pustaka utama,$c 2000 =300 ##$$a 243 hlm ; $c 20 x 13 cm =650 #4$$a Manajemen =850 ##$$a NBPNMAT =020 ##$$a 979-655-706-1 =084 ##$$a 332.1 DJI b =504 ##$$a Bibliografi: hal 241-243 =990 ##$$a 30701557 =990 ##$$a 30701559 =990 ##$$a 30701558 =990 ##$$a 30701558 =990 ##$$a 30701557 =990 ##$$a 30701559